000 00340nam a2200121Ia 4500
005 20251222140054.0
008 251222s1900||||xx |||||||||||||| ||spa||
082 _a120/D59
100 _aDerisi, Octavio Nicolas
245 0 _aLa Doctrina de la Inteligencia de Aristóteles a Santo Tomás de Aquino
264 _bClub de Lectores
942 _cLIB
999 _c3694
_d3694